000 00412nam a2200169Ia 4500
008 230711s9999||||xx |||||||||||||| ||und||
041 _aENG
082 _a540
_bJA-E
100 _aHites,Ronald A
245 0 _aElements of environmental Chemistry
250 _a1st Ed.
260 _c1992
_aBombay
_bHimalaya Publishing House
300 _a100
650 _aChemistry
700 _aRaff,Jonathan D
942 _cBK
999 _c1990
_d1990